000 00373nam a2200157Ia 4500
008 230711s9999||||xx |||||||||||||| ||und||
041 _aENG
082 _a5
_bBO-O
100 _aBooch,Grady
245 0 _aObject oriented analysis and design
250 _a2nd . Ed.
260 _c2006
_aNew Delhi
_bPearson
300 _a547
650 _aComputer Engineering
942 _cBK
999 _c4620
_d4620